000 00320nam a22001337a 4500
008 181106b xxu||||| |||| 00| 0 eng d
020 _a9780072494266
041 _aeng
080 _25 TH
_a159.9
100 _a49
101 _aPSI
245 _aEssentials Of Understanding Psychology
_cFeldman.R.S
942 _2udc
_cBK
999 _c51935
_d51935